Countries with the Highest Renewable Energy Shares - Statistics

General Stats
  • This quiz has been taken 9 times
  • The average score is 6 of 10
Answer Stats
Rank Answer Percentage % Correct
5 Central African Republic 90.9%
83%
1 Democratic Republicof the Congo 96.3%
83%
7 Ethiopia 90.6%
83%
6 Uganda 90.8%
83%
4 Gabon 91.3%
50%
3 Liberia 92.8%
50%
9 Madagascar 83.1%
50%
2 Somalia 95.4%
50%
10 Zambia 83.0%
50%
8 Guinea-Bissau 87.4%
33%
No matching quizzes found
Score Distribution
Percent of People with Each Score
Percentile by Number Answered
Your Score History
You have not taken this quiz